Normal view
MARC view
- INTEGRAL TRANSFORMATIONS
Entry Topical Term
001 - CONTROL NUMBER
- control field: 63727
003 - CONTROL NUMBER IDENTIFIER
- control field: NUST
005 - DATE AND TIME OF LATEST TRANSACTION
- control field: 20210628203150.0
008 - FIXED-LENGTH DATA ELEMENTS
- fixed length control field: 210628|| aca||aabn | a|a d
040 ## - CATALOGING SOURCE
- Original cataloging agency: NUST
- Transcribing agency: NUST
150 ## - HEADING--TOPICAL TERM
- Topical term or geographic name entry element: INTEGRAL TRANSFORMATIONS
670 ## - SOURCE DATA FOUND
- Source citation: Work cat.: (NUST): Bhosale, Bharat Namdeo 63726, Integral transformations of generalised functions, 2005
